000
00304nam a2200121Ia 4500
008
190216s9999||||xx |||||||||||||| ||und||
100
_a
Tara Shankar Banerjee
245
4
_a
The Judge
260
_b
Hind Pocket Books Pvt Ltd
_c
1967
300
_a
103p
650
_a
English Novel-English Novel
942
_c
BK
999
_c
12166
_d
12166